000 01005nam a2200265 a 4500
001 26555
003 BD-RjUL
005 20211209051031.0
008 140322r19681892enk 001 0 eng d
035 _a(BD-RjUL)26625
040 _aDLC
_beng
_cDLC
_dBD-RjUL
041 _aeng
082 0 0 _a914.5036
_bVIL V-2 1968
100 1 _aVillari, Pasquale,
_d1827-1917.
_979634
245 1 4 _aThe life and times of Niccolò Machiavelli /
_cby Pasquale Villari ; translated by Linda Villari.
_nVolume II
250 _aNew ed.
260 _aNew York :
_bGreenwood Press,
_c1892 [Reprinted 1968].
300 _axii, 597 p. :
_bill.;
_c24 cm.
500 _aTranslation of: Niccolò Machiavelli e i suoi tempi
504 _aIncludes index.
505 0 _aVol. 1: Book The First, Chapters 1-13 ; Appendix -- Vol. 2: Book The First, Chapters 14-16 ; Book The Second,Chapters 1-18 ; Appendix
600 1 0 _aMachiavelli, Niccolò,
_d1469-1527.
_981685
651 0 _aItaly
_xHistory
_y1492-1559.
_979637
942 _2ddc
_cBK
999 _c26555
_d26555